Bibliografia de la renovació pedagògica i el seu context (1900-1939) / Josep González Agápito ; presentació d'A. Sanvisens ; pròleg de B. Delgado
Descripción Física:
583 p., [15] f. ; 24'5 cm
MARC
| LEADER | 00000nam a2200000Ia 4500 | ||
|---|---|---|---|
| 001 | 1200 | ||
| 008 | 160829s1978 xx 000 0 cat d | ||
| 080 | |a E-1-42 | ||
| 100 | 1 | |a González-Agàpito, Josep, |d 1946- |9 27540 | |
| 245 | |a Bibliografia de la renovació pedagògica i el seu context (1900-1939) / Josep González Agápito ; presentació d'A. Sanvisens ; pròleg de B. Delgado | ||
| 260 | |a Barcelona : |b Universitat de Barcelona, |c 1978 | ||
| 300 | |a 583 p., [15] f. ; |c 24'5 cm | ||
| 650 | |a Pedagogia |x Catalunya |x 1900/1939 |x Bibliografia |9 34487 | ||
| 700 | |a Sanvisens i Marfull, Alexandre, pr. |9 34486 | ||
| 700 | |a Delgado, Buenaventura |9 32780 | ||
| 710 | 2 | |a Universitat de Barcelona |9 51297 | |
| 901 | |a Arxiu | ||
| 942 | |n 1 | ||
| 952 | |0 0 |1 0 |4 0 |6 E142 |7 1 |9 46538 |a Arxiu |b Arxiu |d 2016-12-01 |l 0 |o E-1-42 |p 1200 |r 2016-12-01 00:00:00 |w 2016-12-01 |y ARXIU | ||
| 999 | |c 50329 |d 50329 | ||